000
00283nam a22001337a 4500
008
181121b xxu||||| |||| 00| 0 eng d
020
_a
9780618044276
041
_a
eng
080
_a
821
100
_a
22
101
_a
GJU
245
_a
Making America
_c
Miller.B
942
_2
udc
_c
BK
999
_c
52247
_d
52247